000 00209 a2200097 4500
020 _a9780545926065
041 _aspa
100 _alucille Colandro
245 _aun dia una seò¨ra se trago una rana
942 _cK
999 _c30244
_d30242